000 00710nam a2200193 4500
001 136149
003 ES-MaACL
005 20250801000101.0
007 t|
008 070214s1975 sp r ||||1| spa d
100 1 _aRuiz Rivera, Julián B.
_9179044
245 1 0 _aEncomienda y mita en Nueva Granada en el siglo XVIII /
_cJulián B. Ruiz Rivera ; prólogo del Dr. D. Luis Navarro García.
260 _aSevilla :
_bEscuela de Estudios Hispano-americanos,
_c1975.
300 _aXXIX, 454 p. ;
_c25 cm +
_e2 map., 4 gráf.
700 1 _aNavarro García, Luis
_985126
710 2 _aEscuela de Estudios Hispano-Americanos (Sevilla)
_9134366
852 _aES-MaACL
_jE-9107
_bR.93320
999 _c136149
_d136149